000 00523nam a2200181Ia 4500
005 20241213101923.0
008 231217s9999 xx 000 0 und d
020 _a9788131711064
082 _a001.6424UML BLA;33
100 _aBlaha, Michael R, Rumbaugh, James R.
245 0 _aObject oriented modeling and design with UML2
250 _a2nd ed.
260 _c2005
_bDorling Kindersley
_aNoida
300 _axvii, 477
500 _aContent page available.
650 _aObject,oriented,modeling,UML2
942 _cAA
999 _c194410
_d194410